Труды Центрального научно-исследовательского автомобильного и автомоторного института (НАМИ): сборник научных статей

Bibliografiske detaljer
Institution som forfatter: Центральный научно-исследовательский автомобильный и автомоторный институт
Andre forfattere: Липгарт А. А. (редактор)
Sprog:russisk
Udgivet: Москва, Типография НАМИ, 1959-1976
Format: Bog
KOHA link:https://koha.lib.tpu.ru/cgi-bin/koha/opac-detail.pl?biblionumber=676182

MARC

LEADER 00000nam1a2200000 4500
001 676182
005 20241105164624.0
035 |a (RuTPU)RU\TPU\book\344906 
090 |a 676182 
100 |a 20241101d19591976km|y0rusy50 ca 
101 0 |a rus 
102 |a RU 
105 |a a z 001zy 
181 0 |a i   |b  e  
182 0 |a n 
183 0 |a nc  |2 RDAcarrier 
200 1 |a Труды Центрального научно-исследовательского автомобильного и автомоторного института (НАМИ)  |f Центральный научно-исследовательский автомобильный и автомоторный институт (НАМИ) ; отв. ред. А. А. Липгарт  |e сборник научных статей 
210 |a Москва  |c Типография НАМИ  |c Машгиз  |d 1959-1976 
283 0 |a volume 
702 |4 340  |a Липгарт  |b А. А. 
712 0 2 |a Центральный научно-исследовательский автомобильный и автомоторный институт  |c (Москва)  |c (1957- )  |3 (RuTPU)RU\TPU\col\13490  |9 26168 
801 1 |a RU  |b 63413507  |c 20241101 
801 2 |a RU  |b 63413507  |c 20241101  |g RCR 
942 |c CR